000
00243nam a2200097Ia 4500
001
881658
005
20250826182644.0
008
250824s9999 xx 000 0 und d
245
0
_a
YILANLARIN UYKUSU
_c
ALEIN KENTIGERNA
260
_b
PANAMA YAYINLARI
999
_c
881658
_d
881658